<?xml version="1.0" encoding="UTF-8"?>
<collection xmlns="http://www.loc.gov/MARC21/slim">
 <record>
  <leader>01825nam a2200241 a 4500</leader>
  <controlfield tag="001">1/53597</controlfield>
  <controlfield tag="008">210909s1985    gr a     b    100 | gre d</controlfield>
  <datafield tag="040" ind1=" " ind2=" ">
   <subfield code="a">GR-PeUP</subfield>
  </datafield>
  <datafield tag="082" ind1="0" ind2="0">
   <subfield code="a">307.116 ΔΙΕ</subfield>
  </datafield>
  <datafield tag="111" ind1="2" ind2=" ">
   <subfield code="a">Διεθνές συμπόσιο Ιστορίας</subfield>
   <subfield code="d">(1984 :</subfield>
   <subfield code="c">Αθήνα και Ερμούπολη, Ελλάδα)</subfield>
  </datafield>
  <datafield tag="245" ind1="1" ind2="0">
   <subfield code="a">Νεοελληνική πόλη :</subfield>
   <subfield code="b">οθωμανικές κληρονομιές και ελληνικό κράτος : πρακτικά του Διεθνούς Συμποσίου Ιστορίας, Αθήνα 26-28 Σεπτεμβρίου 1984, Ερμούπολη 29-30 Σεπτεμβρίου 1984 = La ville neohellenique : heritages ottom ans et etat grec : actes du colloque international d'histoire, Athenes 26-28 Septembre 1984, Hermoupolis 29-30 Septembre 1984 /</subfield>
   <subfield code="c">Εταιρεία Μελέτης Νέου Ελληνισμού.</subfield>
  </datafield>
  <datafield tag="246" ind1="1" ind2="0">
   <subfield code="a">La ville neohellenique : heritages ottom ans et etat grec : actes du colloque international d'histoire, Athenes 26-28 Septembre 1984, Hermoupolis 29-30 Septembre 1984.</subfield>
  </datafield>
  <datafield tag="260" ind1=" " ind2=" ">
   <subfield code="a">Αθήνα :</subfield>
   <subfield code="b">Εταιρεία Μελέτης Νέου Ελληνισμού,</subfield>
   <subfield code="c">1985.</subfield>
  </datafield>
  <datafield tag="300" ind1=" " ind2=" ">
   <subfield code="a">2 τ. (324 · 310 σ.) :</subfield>
   <subfield code="b">εικ. ;</subfield>
   <subfield code="c">24 εκ.</subfield>
  </datafield>
  <datafield tag="504" ind1=" " ind2=" ">
   <subfield code="a">Περιέχει βιβλιογραφία.</subfield>
  </datafield>
  <datafield tag="650" ind1=" " ind2="0">
   <subfield code="a">Urban planning</subfield>
   <subfield code="z">Greece</subfield>
   <subfield code="x">History</subfield>
   <subfield code="x">Congresses.</subfield>
  </datafield>
  <datafield tag="650" ind1=" " ind2="4">
   <subfield code="a">Πολεοδομία</subfield>
   <subfield code="z">Ελλάδα</subfield>
   <subfield code="x">Ιστορία</subfield>
   <subfield code="x">Συνέδρια.</subfield>
  </datafield>
  <datafield tag="710" ind1="2" ind2=" ">
   <subfield code="a">Εταιρεία Μελέτης Νέου Ελληνισμού.</subfield>
  </datafield>
  <datafield tag="852" ind1=" " ind2=" ">
   <subfield code="a">INST</subfield>
   <subfield code="b">UNIPILB</subfield>
   <subfield code="c">MAIN</subfield>
   <subfield code="e">20210909</subfield>
   <subfield code="h">307.116 ΔΙΕ</subfield>
   <subfield code="p">00184074</subfield>
   <subfield code="q">00184074</subfield>
   <subfield code="t">LOAN</subfield>
   <subfield code="v">τομ.1:</subfield>
   <subfield code="y">0</subfield>
   <subfield code="4">1</subfield>
  </datafield>
  <datafield tag="852" ind1=" " ind2=" ">
   <subfield code="a">INST</subfield>
   <subfield code="b">UNIPILB</subfield>
   <subfield code="c">MAIN</subfield>
   <subfield code="e">20210909</subfield>
   <subfield code="h">307.116 ΔΙΕ</subfield>
   <subfield code="p">00184075</subfield>
   <subfield code="q">00184075</subfield>
   <subfield code="t">LOAN</subfield>
   <subfield code="v">τομ.2:</subfield>
   <subfield code="y">0</subfield>
   <subfield code="4">1</subfield>
  </datafield>
  <datafield tag="853" ind1=" " ind2=" ">
   <subfield code="a">INST</subfield>
   <subfield code="b">UNIPILB</subfield>
   <subfield code="c">MAIN</subfield>
   <subfield code="h">307.116 ΔΙΕ</subfield>
   <subfield code="l">τομ.2-τομ.1</subfield>
  </datafield>
  <datafield tag="960" ind1=" " ind2=" ">
   <subfield code="a">ΜΑΡΙΑ ΒΕΛ</subfield>
  </datafield>
  <datafield tag="960" ind1=" " ind2=" ">
   <subfield code="a">ΜΑΡΙΑ ΒΕΛ</subfield>
  </datafield>
 </record>
</collection>
